000
00241nam a2200097Ia 4500
001
1077725
005
20250827002321.0
008
250824s9999 xx 000 0 und d
245
0
_a
TARİH ÖNCESİ
_c
NURBAHAR GÜROL
260
_b
BETA YAYINLARI
999
_c
1077725
_d
1077725